00514nam a2200133Ia 4500008004100000100002700041245010400068245006000172260005300232260000900285300001000294650001500304856006100319170221s9999 xx 000 0 und d aMohammed Wamique Hisam 4aThe Impact of Service Quality on Customer Satisfaction: A Study on Selected Retail Stores in India  cMohammed Wamique Hisam, Shouvik Sanyal, Moinuddin Ahmad bInternational Review of Management and Marketing c2016 a6 : 4 xMarketing. uhttp://www.econjournals.com/index.php/irmm/issue/view/88